Oscar Winners for Best Original Screenplay - Statistics

General Stats
  • This quiz has been taken 715 times
    26 since last reset
  • The average score is 30 of 85
Answer Stats
Year Movie % Correct
2025 Anora
80%
1978 Annie Hall
73%
1989 Rain Man
73%
2026 Sinners
73%
2000 American Beauty
67%
1998 Good Will Hunting
67%
2020 Parasite
67%
1995 Pulp Fiction
67%
1974 The Sting
67%
2015 Birdman or (The Unexpected Virtue of Ignorance)
60%
1997 Fargo
60%
1977 Network
60%
1982 Chariots of Fire
53%
2006 Crash
53%
2023 Everything Everywhere All at Once
53%
1983 Gandhi
53%
1987 Hannah and her Sisters
53%
2014 Her
53%
2008 Juno
53%
2007 Little Miss Sunshine
53%
2004 Lost in Translation
53%
2021 Promising Young Woman
53%
1999 Shakespeare in Love
53%
2016 Spotlight
53%
2010 The Hurt Locker
53%
1975 Chinatown
47%
1990 Dead Poets Society
47%
2013 Django Unchained
47%
2005 Eternal Sunshine of the Spotless Mind
47%
2019 Green Book
47%
2017 Manchester by the Sea
47%
1971 Patton
47%
2011 The King's Speech
47%
2022 Belfast
40%
1942 Citizen Kane
40%
2018 Get Out
40%
1991 Ghost
40%
2002 Gosford Park
40%
2012 Midnight in Paris
40%
1955 On the Waterfront
40%
1951 Sunset Boulevard
40%
1961 The Apartment
40%
1992 Thelma and Louise
40%
1994 The Piano
40%
1996 The Usual Suspects
40%
2024 Anatomy of a Fall
33%
1970 Butch Cassidy and the Sundance Kid
33%
1976 Dog Day Afternoon
33%
1988 Moonstruck
33%
1954 Titanic
33%
1986 Witness
33%
2001 Almost Famous
27%
1980 Breaking Away
27%
1979 Coming Home
27%
2009 Milk
27%
1984 Tender Mercies
27%
1993 The Crying Game
27%
1981 Melvin and Howard
20%
1985 Places in the Heart
20%
2003 Talk to her
20%
1969 The Producers
20%
1952 An American in Paris
13%
1966 Darling
13%
1973 The Candidate
13%
1972 The Hospital
13%
1967 A Man and a Woman
7%
1950 Battleground
7%
1958 Designing Woman
7%
1963 Divorce Italian Style
7%
1965 Father Goose
7%
1968 Guess who's coming to Dinner
7%
1964 How the West was Won
7%
1956 Interrupted Melody
7%
1946 Marie Louise
7%
1960 Pillow Talk
7%
1944 Princess O'Rourke
7%
1962 Splendor in the Grass
7%
1948 The Bachelor and the Bobby-Soxer
7%
1959 The Defiant Ones
7%
1941 The Great McGinty
7%
1953 The Lavender Hill Mob
7%
1957 The Red Balloon
7%
1947 The Seventh Veil
7%
1945 Wilson
7%
1943 Woman of the Year
7%
No matching quizzes found
Score Distribution
Percent of People with Each Score
Percentile by Number Answered
Your Score History
You have not taken this quiz since the last reset